=LDR 00000nam 2200000 4500 =001 INLIS000000000057927 =005 20210706013926 =035 ##$$a 0010-0721000022 =007 ta =008 210706###########################0#ind## =020 ##$$a 979-526-253-x =082 ##$$a 577.3 =084 ##$$a 577.3 Inde =245 1#$$a Ekologi hutan /$c Ir.Indriyanto =300 ##$$a 211 halaman : $b Ilustrasi ; $c 21 cm =650 #4$$a Ekologi hutan =264 ##$$a jakarta :$b Bumi Aksara,$c 2006 =336 ##$$a teks$2 rdacontent =337 ##$$a lain-lain$2 rdamedia =338 ##$$a lain-lain$2 rdacarrier =990 ##$$a 04020402